<?xml version="1.0" encoding="UTF-8"?>
<record
    xmlns:xsi="http://www.w3.org/2001/XMLSchema-instance"
    xsi:schemaLocation="http://www.loc.gov/MARC21/slim http://www.loc.gov/standards/marcxml/schema/MARC21slim.xsd"
    xmlns="http://www.loc.gov/MARC21/slim">

  <leader>01652nam0a2200361   4500</leader>
  <controlfield tag="001">RU\NLR\BIBL_A\022239816</controlfield>
  <controlfield tag="005">20250625171245.0</controlfield>
  <datafield tag="010" ind1=" " ind2=" ">
    <subfield code="a">978-5-4493-7280-2</subfield>
  </datafield>
  <datafield tag="035" ind1=" " ind2=" ">
    <subfield code="a">(NLR Aleph) 022239816</subfield>
  </datafield>
  <datafield tag="090" ind1=" " ind2=" ">
    <subfield code="a">13156890</subfield>
    <subfield code="c">13156890</subfield>
  </datafield>
  <datafield tag="100" ind1=" " ind2=" ">
    <subfield code="a">20240603d2018    |||y0rusy50      ca</subfield>
  </datafield>
  <datafield tag="101" ind1="0" ind2=" ">
    <subfield code="a">rus</subfield>
  </datafield>
  <datafield tag="102" ind1=" " ind2=" ">
    <subfield code="a">RU</subfield>
  </datafield>
  <datafield tag="105" ind1=" " ind2=" ">
    <subfield code="a">c|||z|||000fy</subfield>
  </datafield>
  <datafield tag="181" ind1=" " ind2="0">
    <subfield code="a">i </subfield>
    <subfield code="b">axxe  </subfield>
  </datafield>
  <datafield tag="182" ind1=" " ind2="0">
    <subfield code="a">n</subfield>
  </datafield>
  <datafield tag="200" ind1="1" ind2=" ">
    <subfield code="a">&#x41E;&#x43D;&#x430; &#x438; &#x43E;&#x43D;</subfield>
    <subfield code="e">&#x441;&#x431;&#x43E;&#x440;&#x43D;&#x438;&#x43A; &#x440;&#x430;&#x441;&#x441;&#x43A;&#x430;&#x437;&#x43E;&#x432;</subfield>
    <subfield code="f">&#x410;&#x43D;&#x43D;&#x430; &#x41F;&#x430;&#x440;&#x438;&#x436;&#x441;&#x43A;&#x430;&#x44F;</subfield>
  </datafield>
  <datafield tag="203" ind1=" " ind2=" ">
    <subfield code="a">&#x422;&#x435;&#x43A;&#x441;&#x442;</subfield>
    <subfield code="b">&#x432;&#x438;&#x437;&#x443;&#x430;&#x43B;&#x44C;&#x43D;&#x44B;&#x439;</subfield>
    <subfield code="c">&#x43D;&#x435;&#x43F;&#x43E;&#x441;&#x440;&#x435;&#x434;&#x441;&#x442;&#x432;&#x435;&#x43D;&#x43D;&#x44B;&#x439;</subfield>
  </datafield>
  <datafield tag="210" ind1=" " ind2=" ">
    <subfield code="a">[&#x411;. &#x43C;.]</subfield>
    <subfield code="c">&#x418;&#x437;&#x434;&#x430;&#x442;&#x435;&#x43B;&#x44C;&#x441;&#x43A;&#x438;&#x435; &#x440;&#x435;&#x448;&#x435;&#x43D;&#x438;&#x44F;</subfield>
    <subfield code="d">2018</subfield>
  </datafield>
  <datafield tag="215" ind1=" " ind2=" ">
    <subfield code="a">51, [1] &#x441;.</subfield>
    <subfield code="c">&#x43F;&#x43E;&#x440;&#x442;&#x440;.</subfield>
    <subfield code="d">21</subfield>
  </datafield>
  <datafield tag="316" ind1=" " ind2=" ">
    <subfield code="a">&#x42D;&#x43A;&#x437; &#x420;&#x41D;&#x411; &#x441; &#x44D;&#x43A;&#x441;&#x43B;&#x438;&#x431;&#x440;&#x438;&#x441;&#x43E;&#x43C; &#x43D;&#x430; 2-&#x439; &#x441;. &#x43E;&#x431;&#x43B;.: &#x43E;&#x432;&#x430;&#x43B;&#x44C;&#x43D;&#x44B;&#x439; &#x448;&#x442;&#x430;&#x43C;&#x43F; "&#x414;&#x430;&#x440; &#x421;&#x430;&#x43D;&#x43A;&#x442;-&#x41F;&#x435;&#x442;&#x435;&#x440;&#x431;&#x443;&#x440;&#x433;&#x441;&#x43A;&#x43E;&#x433;&#x43E; &#x424;&#x43E;&#x43D;&#x434;&#x430; &#x43C;&#x443;&#x437;&#x435;&#x44F; &#x418;&#x43E;&#x441;&#x438;&#x444;&#x430; &#x411;&#x440;&#x43E;&#x434;&#x441;&#x43A;&#x43E;&#x433;&#x43E;. &#x418;&#x437; &#x43A;&#x43D;&#x438;&#x433; &#x412;. &#x41F;&#x43E;&#x43B;&#x443;&#x445;&#x438;&#x43D;&#x43E;&#x439; &#x438; &#x414;. &#x423;&#x430;&#x439;&#x441;&#x441;&#x431;&#x43E;&#x440;&#x442;&#x430;"; &#x43D;&#x430; &#x442;&#x438;&#x442;. &#x441;.: &#x430;&#x432;&#x442;&#x43E;&#x433;&#x440;. &#x430;&#x432;&#x442;. &#x441;&#x438;&#x43D;&#x438;&#x43C;&#x438; &#x447;&#x435;&#x440;&#x43D;&#x438;&#x43B;&#x430;&#x43C;&#x438;</subfield>
    <subfield code="5">NLR: 2024-4/3312</subfield>
  </datafield>
  <datafield tag="333" ind1=" " ind2=" ">
    <subfield code="a">12+</subfield>
  </datafield>
  <datafield tag="686" ind1="2" ind2=" ">
    <subfield code="a">&#x428;6(2=&#x420;)8-440.5</subfield>
  </datafield>
  <datafield tag="700" ind1=" " ind2="1">
    <subfield code="a">&#x41F;&#x430;&#x440;&#x438;&#x436;&#x441;&#x43A;&#x430;&#x44F;</subfield>
    <subfield code="b">&#x410;.</subfield>
    <subfield code="g">&#x410;&#x43D;&#x43D;&#x430;</subfield>
  </datafield>
  <datafield tag="702" ind1=" " ind2="1">
    <subfield code="a">&#x41F;&#x43E;&#x43B;&#x443;&#x445;&#x438;&#x43D;&#x430;</subfield>
    <subfield code="b">&#x412;.</subfield>
    <subfield code="g">&#x412;&#x430;&#x43B;&#x435;&#x43D;&#x442;&#x438;&#x43D;&#x430;</subfield>
    <subfield code="4">390</subfield>
  </datafield>
  <datafield tag="702" ind1=" " ind2="1">
    <subfield code="a">&#x423;&#x430;&#x439;&#x441;&#x441;&#x431;&#x43E;&#x440;&#x442;</subfield>
    <subfield code="b">&#x414;.</subfield>
    <subfield code="f">1935-2013</subfield>
    <subfield code="g">&#x414;&#x44D;&#x43D;&#x438;&#x435;&#x43B;</subfield>
    <subfield code="3">RU\NLR\AUTH\770274560</subfield>
    <subfield code="4">390</subfield>
  </datafield>
  <datafield tag="712" ind1="0" ind2="2">
    <subfield code="4">320</subfield>
    <subfield code="a">&#x421;&#x430;&#x43D;&#x43A;&#x442;-&#x41F;&#x435;&#x442;&#x435;&#x440;&#x431;&#x443;&#x440;&#x433;&#x441;&#x43A;&#x438;&#x439; &#x440;&#x435;&#x433;&#x438;&#x43E;&#x43D;&#x430;&#x43B;&#x44C;&#x43D;&#x44B;&#x439; &#x444;&#x43E;&#x43D;&#x434; &#x441;&#x43E;&#x437;&#x434;&#x430;&#x43D;&#x438;&#x44F; &#x43C;&#x443;&#x437;&#x435;&#x44F; &#x418;&#x43E;&#x441;&#x438;&#x444;&#x430; &#x411;&#x440;&#x43E;&#x434;&#x441;&#x43A;&#x43E;&#x433;&#x43E;</subfield>
    <subfield code="9">443019</subfield>
    <subfield code="3">RU\NLR\AUTH\880388475</subfield>
  </datafield>
  <datafield tag="942" ind1=" " ind2=" ">
    <subfield code="c">BOOK</subfield>
  </datafield>
  <datafield tag="980" ind1=" " ind2=" ">
    <subfield code="a">NB</subfield>
  </datafield>
  <datafield tag="995" ind1=" " ind2=" ">
    <subfield code="5">2024-06-03</subfield>
    <subfield code="a">ab</subfield>
    <subfield code="b">NLR01</subfield>
    <subfield code="c">NLR01</subfield>
    <subfield code="e">RF81</subfield>
    <subfield code="f">1-4407511</subfield>
    <subfield code="k">2024-4/3312</subfield>
    <subfield code="o">0</subfield>
    <subfield code="p">130.00</subfield>
    <subfield code="r">BOOK</subfield>
    <subfield code="s">202443312_</subfield>
  </datafield>
</record>
